Körperbau, Charakter und Kriminalität: kriminologische Anwendungsmöglichkeiten der Typologie Kretschmers
| Autor principal: | |
|---|---|
| Tipo de documento: | Print Libro |
| Lenguaje: | Alemán |
| Publicado: |
Bonn
Röhrscheid
1964
|
| En: |
Kriminologische Untersuchungen (15)
Año: 1964 |
| Disponibilidad en Tübingen: | Disponible en Tübingen. IFK: S V 15 |
| Verificar disponibilidad: | HBZ Gateway |
| Servicio de pedido Subito: | Pedir ahora. |
| Palabras clave: |
MARC
| LEADER | 00000cam a2200000 c 4500 | ||
|---|---|---|---|
| 001 | 107659235X | ||
| 003 | DE-627 | ||
| 005 | 20260206194444.0 | ||
| 007 | tu | ||
| 008 | 850101s1964 gw ||||| m 00| ||ger c | ||
| 016 | 7 | |a 452687136 |2 DE-101 | |
| 035 | |a (DE-627)107659235X | ||
| 035 | |a (DE-603)108384985 | ||
| 035 | |a (DE-576)00659235X | ||
| 035 | |a (DE-599)BSZ00659235X | ||
| 035 | |a (OCoLC)310515987 | ||
| 035 | |a (OCoLC)265004679 | ||
| 035 | |a (OCoLC)310515987 | ||
| 035 | |a (OCoLC)11716618 | ||
| 035 | |a (DE-604)8029381797 | ||
| 035 | |a (AT-OBV)AC00949128 | ||
| 040 | |a DE-627 |b ger |c DE-627 |e rakwb | ||
| 041 | |a ger | ||
| 044 | |c XA-DE | ||
| 084 | |a 03b |2 sdnb | ||
| 084 | |a PH 8480 |2 rvk |0 (DE-625)rvk/136505: | ||
| 100 | 1 | |a Landecho, Carlos Maria de |0 (DE-627)123189766X |0 (DE-576)161897665 |4 aut | |
| 109 | |a Landecho, Carlos Maria de |a Landecho Velasco, Carlos Maria de |a Landecho, Carlos M. de | ||
| 245 | 1 | 0 | |a Körperbau, Charakter und Kriminalität |b kriminologische Anwendungsmöglichkeiten der Typologie Kretschmers |c Carlos Maria de Landecho |
| 264 | 1 | |a Bonn |b Röhrscheid |c 1964 | |
| 300 | |a 261 S. |c gr. 8° | ||
| 336 | |a Text |b txt |2 rdacontent | ||
| 337 | |a ohne Hilfsmittel zu benutzen |b n |2 rdamedia | ||
| 338 | |a Band |b nc |2 rdacarrier | ||
| 490 | 1 | |a Kriminologische Untersuchungen |v 15 | |
| 502 | |a Zugl.: Bonn, Univ., Diss., 1962 | ||
| 583 | 1 | |a Archivierung prüfen |c 20240324 |f DE-4165 |z 2 |2 pdager | |
| 600 | 1 | 7 | |0 (DE-588)118715909 |0 (DE-627)13429095X |0 (DE-576)161828205 |a Kretschmer, Ernst |d 1888-1964 |2 gnd |
| 650 | 0 | 7 | |0 (DE-588)4061321-5 |0 (DE-627)104571705 |0 (DE-576)209139315 |a Typologie |2 gnd |
| 650 | 0 | 7 | |0 (DE-588)4165723-8 |0 (DE-627)104515902 |0 (DE-576)209897325 |a Kriminalbiologie |2 gnd |
| 650 | 0 | 7 | |0 (DE-588)4130757-4 |0 (DE-627)10570010X |0 (DE-576)209621699 |a Körperbau |2 gnd |
| 650 | 0 | 7 | |0 (DE-588)4033178-7 |0 (DE-627)10458503X |0 (DE-576)209000511 |a Kriminalität |2 gnd |
| 650 | 0 | 7 | |0 (DE-588)4009760-2 |0 (DE-627)106360957 |0 (DE-576)20888453X |a Charakter |2 gnd |
| 655 | 7 | |a Hochschulschrift |0 (DE-588)4113937-9 |0 (DE-627)105825778 |0 (DE-576)209480580 |2 gnd-content | |
| 689 | 0 | 0 | |d p |0 (DE-588)118715909 |0 (DE-627)13429095X |0 (DE-576)161828205 |a Kretschmer, Ernst |d 1888-1964 |2 gnd |
| 689 | 0 | 1 | |d s |0 (DE-588)4061321-5 |0 (DE-627)104571705 |0 (DE-576)209139315 |a Typologie |2 gnd |
| 689 | 0 | |5 (DE-627) | |
| 689 | 1 | 0 | |d s |0 (DE-588)4165723-8 |0 (DE-627)104515902 |0 (DE-576)209897325 |a Kriminalbiologie |2 gnd |
| 689 | 1 | |5 (DE-627) | |
| 689 | 2 | 0 | |d s |0 (DE-588)4009760-2 |0 (DE-627)106360957 |0 (DE-576)20888453X |a Charakter |2 gnd |
| 689 | 2 | 1 | |d s |0 (DE-588)4033178-7 |0 (DE-627)10458503X |0 (DE-576)209000511 |a Kriminalität |2 gnd |
| 689 | 2 | |5 (DE-627) | |
| 689 | 3 | 0 | |d s |0 (DE-588)4130757-4 |0 (DE-627)10570010X |0 (DE-576)209621699 |a Körperbau |2 gnd |
| 689 | 3 | 1 | |d s |0 (DE-588)4033178-7 |0 (DE-627)10458503X |0 (DE-576)209000511 |a Kriminalität |2 gnd |
| 689 | 3 | |5 (DE-627) | |
| 751 | |a Bonn |0 (DE-588)4007666-0 |0 (DE-627)106372270 |0 (DE-576)208871632 |4 uvp | ||
| 830 | 0 | |a Kriminologische Untersuchungen |v 15 |9 15 |w (DE-627)130210552 |w (DE-576)000190500 |w (DE-600)534580-7 |7 am | |
| 889 | |w (DE-627)177524952 | ||
| 935 | |i mdedup | ||
| 935 | |h HEB |i 0501 | ||
| 935 | |h HEB |i 0503 | ||
| 936 | r | v | |a PH 8480 |b Kriminalität einzelner Schichten; Kriminalität im Betrieb, Kriminalität am Arbeitsplatz, Kriminalität in der Bundeswehr; (hier auch Korruption / Bestechung am Arbeitsplatz) |k Rechtswissenschaft |k Strafrecht, Strafverfahrensrecht, Kriminologie |k Kriminologie |k Soziale Profile; Soziale Gruppen; Tätergemeinschaften (hier auch: Internationale Kriminalität) |k Kriminalität einzelner Schichten; Kriminalität im Betrieb, Kriminalität am Arbeitsplatz, Kriminalität in der Bundeswehr; (hier auch Korruption / Bestechung am Arbeitsplatz) |0 (DE-627)127195480X |0 (DE-625)rvk/136505: |0 (DE-576)20195480X |
| 936 | s | n | |a p100 |2 mzub |
| 951 | |a BO | ||
| ELC | |b 1 | ||
| LOK | |0 000 xxxxxcx a22 zn 4500 | ||
| LOK | |0 001 2051749728 | ||
| LOK | |0 003 DE-627 | ||
| LOK | |0 004 107659235X | ||
| LOK | |0 005 20020607000000 | ||
| LOK | |0 008 940411||||||||||||||||ger||||||| | ||
| LOK | |0 040 |a DE-21-110 |c DE-627 |d DE-21-110 | ||
| LOK | |0 852 |a DE-21-110 | ||
| LOK | |0 852 1 |c S V 15 |m p |9 00 | ||
| LOK | |0 935 |a k110 | ||
| LOK | |0 936ln |a 8.3.3 | ||
| LOK | |0 938 |k p | ||
| LOK | |0 939 |a 11-04-94 |b l01 | ||
| ORI | |a SA-MARC-krimdoka001.raw | ||
| SIG | |a IFK: S V 15 | ||
